000 00639nam a22002297a 4500
999 _c6843
_d6843
003 OSt
005 20210329133107.0
008 210329b ||||| |||| 00| 0 eng d
020 _a0070901651
040 _cDLC
082 _a338.5 COL 2003
100 _aColander, David C
_912212
245 _aMicroeconomics /
_cDavid C. Colander, Peter S. Sephton, Charlene Richter
250 _a2nd.ed
260 _aToronto
_bMcGraw-Hill
_c2003
300 _axxiii,486p;
_bcol.ill :
_c25 cm.
504 _aIncludes index
650 _2Economics
700 _aSephton, Peter S.
_912213
700 _aRichter, Charlene
_912214
942 _2ddc
_cO_SHELF